| 000 | 00756nam a22002057a 4500 | ||
|---|---|---|---|
| 008 | 161102b xxu||||| |||| 00| 0 eng d | ||
| 020 | _a0841228612 | ||
| 050 |
_aTK7878.4 _b.M29 1994 |
||
| 100 | _aMalmstadt, Howard V., 1922- | ||
| 245 |
_aMicrocomputers and electronic instrumentation : _bmaking the right connections / _cHoward V. Malmstadt, Christie G. Enke, Stanley R. Crouch |
||
| 260 |
_aWashington, DC : _bAmerican Chemical Society, _c1994 |
||
| 300 |
_axii, 452 p. : _bill. ; _c28 cm |
||
| 650 | _aElectronic instruments | ||
| 650 | _aComputer interfaces | ||
| 650 | _a Microcomputers | ||
| 650 | _aAutomatic data collection systems | ||
| 700 |
_aEnke, Christie G., _d1933- |
||
| 700 | _aCrouch, Stanley R | ||
| 942 |
_2lcc _cBK |
||
| 999 |
_c47063 _d47063 |
||